000 00950nam a2200265 i 4500
001 bg
100 1 _aRAKOCZY, Jan
245 1 0 _aAlkilowanie toluenu do ksylenów na katalizatorach zeolitowych /
_cJan Rakoczy.
260 _aKraków :
_bPK,
_c1996.
300 _a147 s. :
_brys., wykr. ;
_c24 cm.
490 1 _aZeszyt Naukowy / Politechnika Krakowska. Inżynieria i Technologia Chemiczna,
_x0867-7735 ;
_vz. 25
500 _aNumeracja ser. gł. : Nr 2.
504 _aBibliogr. s. 133-139. - Streszcz., summ., Zsfassung.
650 9 _aToluen
650 9 _aZeolity
_xstosowanie
650 9 _aKatalizatory
_xstosowanie
650 9 _aReakcje chemiczne
_xzagadnienia
650 9 _aTechnologia chemiczna organiczna
830 0 _aZeszyt Naukowy (Politechnika Krakowska).
_pInżynieria i Technologia Chemiczna ;
_vz. 25
040 _cBPK
041 0 _apl
_bdeenpl
080 _a661.7.09
942 _cKS
008 s pl f |000 0 pol
999 _c31744
_d31744
856 _uhttp://koha.tu.koszalin.pl/cgi-bin/koha/opac-detail.pl?biblionumber=31744
_yKatalog online BPK